Elektrometalurgia

Bibliographic Details
Main Author: Čižmárik, Pavel, 1932- (Author)
Format: Book
Language:Slovak
PhysicalDescription:312 s., 27,96 AH Tb. Sch. 29 cm
Published: Bratislava S.l. Alfa VŠT v Košiciach [vyd.] 1981
Edition:1. vyd.

MARC

LEADER 00000nam a2200000 a 4500
001 vtls001097852
003 SK-MaSNL
005 20260301062451.0
008 250414s1981 xo 0 slo
015 |a SNBA1982/04 
035 |a SNK000040694 
040 |a SNK  |b slo  |c SNK  |e AACR2 
041 0 |a slo 
044 |a xo  |c SK 
080 |a 669.187(075.8)  |2 1981 
100 1 |a Čižmárik, Pavel,  |d 1932-  |4 aut  |9 120222 
245 1 0 |a Elektrometalurgia  |c Pavel Čižmárik 
250 |a 1. vyd. 
260 |a Bratislava  |b Alfa  |a S.l.  |b VŠT v Košiciach [vyd.]  |c 1981  |e Bratislava  |f Západoslovenské tlačiarne 
300 |a 312 s., 27,96 AH  |b Tb. Sch.  |c 29 cm 
366 |e 300 výtl. 
500 |a Lit. 38. Dočasná vysokoškolská učebnica. 38 zázn. lit. o knihách v jaz. slov., čes., rus., nem. a angl. 
852 |a Slovenská národná knižnica 
954 |a elektrometalurgia  |a elektrooceľ 
958 |a NB 
958 |a TL 
958 |a UV 
958 |a OND 
999 |c 620754  |d 622684 
952 |t P60, <04>, [BOOK], {604}  |a SNK  |b SNK  |y VYP  |7 0  |p 17A0055889  |o snkSB 33628 D1  |0 0  |1 0  |4 0  |d 1997-03-14  |l 0  |r 2004-12-31 00:00:00  |w 2026-02-23 
952 |a SNK  |b SNK  |y PREZ  |7 0  |p 17A0981726  |o snkSB 33628  |0 0  |1 0  |4 0  |d 2012-07-19  |f 1  |l 0  |r 2025-04-08 00:00:00  |w 2026-02-23